{"text_format":"3","workbook":"xls","n_sheets":2,"sheets":["邳州公司","巨野分公司"],"read":"whole","date_system":"1900","formulas":"cached_only"}

{"sheet":"邳州公司","index":0,"n_rows":12,"n_cols":13,"rows_kept":12,"merged":[[0,2,0,11],[1,2,1,11],[2,2,2,11]],"flags":["formulas_cached_only"]}
[null,null,"五金收料统计日报表"]
[null,null,"日期： 2019    年    5  月  7  日                             填表人： 梅瑞雪"]
[null,null,"单位：大力神管桩有限公司"]
[null,"入库单号","品名","规格","数量","单位","单价","金额","供应商名称","联系方式","采购员","检验员","备注"]
[null,"WIN0050410","高速轴",null,1,"根",600,600,"上海神力机械总厂",null,"戴春举","唐旭","10T高速轴，卷扬机使用"]
[null,null,"制动轮",null,1,"件",700,700,null,null,"戴春举",null,"高速轴使用"]
[null,"WIN0050411","拉丝模","9.6",5,"个",90,450,"武强县盛合硬质合金模具有限公司",null,"戴春举","李勇","圆模"]
[null,null,"拉丝模","φ11.40",100,"个",90,9000,null,null,"戴春举",null,"圆模"]
[null,"WIN0050412","遮阳黑网",null,2,"张",390,780,"现金供应商（邳州安鸿新型建材有限公司）",null,"戴春举","陆永华","安丰遮阳网，宽12M*长50M"]
[null,"WIN0050413","割枪","30",5,"把",65,325,"现金供应商（邳州市中兴物资经销处）",null,"戴春举","梅瑞雪","国胜工业，YG01-30型，射吸式液化气割枪"]
[null,null,"活动扳手","12#",2,"把",17,34,null,null,"戴春举","吴迪","沪工300*36"]
[null,"WIN0050414","碳棒","B508",200,"支",1.25,250,"现金供应商（邳州市金指数五金机电）","0516-86241928","戴春举","李秦","长征碳弧气刨碳棒φ8*355mm50支/盒*4盒"]

{"sheet":"巨野分公司","index":1,"n_rows":56,"n_cols":12,"rows_kept":56,"merged":[[0,0,0,11],[1,0,1,11],[2,0,2,11]],"flags":["formulas_cached_only"]}
["五金收料统计日报表"]
["日期： 2019  年 05月 7日                             填表人： 杨振华"]
["单位：江苏大力神管桩有限公司巨野分公司"]
["入库单号","品名","规格","数量","单位","单价","金额","供应商名称","联系方式","采购员","检验员","备注"]
["WIN008508","拖把",null,3,"个",10,30,"巨野县金增百货商店",null,"张传朋","甘星允"]
["WIN008509","浮球阀","DN15",1,"套",20,20,"巨野县润润五金门市部",15764010540,"张传朋","甘星允"]
["WIN008510","对丝","50#",2,"个",6,12,"巨野县润润五金门市部",15764010540,"张传朋","甘星允"]
[null,"生胶带",null,30,"个",2,60,"巨野县润润五金门市部",15764010540,"张传朋","张传朋"]
[null,"中摆气缸","80*250",2,"个",155,310,"巨野县润润五金门市部",15764010540,"张传朋","甘星允"]
["WIN008521","脱模剂",null,4.69,"吨",1900,8911,"河北仓州鹏翔化工有限公司",null,"王成军","甘星允"]
["WIN008522","膜元件","RM-BW-8040",15,"件",1900,28500,"苏州润膜水处理科技有限公司",null,"王成军","甘星允"]
[{"$nulls":6},0]
[{"$nulls":6},0]
[{"$nulls":6},0]
[{"$nulls":6},0]
[{"$nulls":6},0]
[{"$nulls":6},0]
[{"$nulls":6},0]
[{"$nulls":6},0]
[{"$nulls":6},0]
[{"$nulls":6},0]
[{"$nulls":6},0]
[{"$nulls":6},0]
[{"$nulls":6},0]
[{"$nulls":6},0]
[{"$nulls":6},0]
[{"$nulls":6},0]
[{"$nulls":6},0]
[{"$nulls":6},0]
[{"$nulls":6},0]
[{"$nulls":6},0]
[{"$nulls":6},0]
[{"$nulls":6},0]
[{"$nulls":6},0]
[{"$nulls":6},0]
[{"$nulls":6},0]
[{"$nulls":6},0]
[{"$nulls":6},0]
[{"$nulls":6},0]
[{"$nulls":6},0]
[{"$nulls":6},0]
[{"$nulls":6},0]
[{"$nulls":6},0]
[{"$nulls":6},0]
[{"$nulls":6},0]
[{"$nulls":6},0]
[{"$nulls":6},0]
[{"$nulls":6},0]
[{"$nulls":6},0]
[{"$nulls":6},0]
[{"$nulls":6},0]
[{"$nulls":6},0]
[{"$nulls":6},0]
[{"$nulls":6},0]
[{"$nulls":6},0]
[{"$nulls":6},0]